| 000 -LEADER |
| fixed length control field |
00540cam a2200181 a 4500 |
| 040 ## - CATALOGING SOURCE |
| Transcribing agency |
DLC |
| 082 00 - DEWEY DECIMAL CLASSIFICATION NUMBER |
| Classification number |
577 PAN 1999 C074 Or. |
| 100 ## - MAIN ENTRY--AUTHOR NAME |
| Personal name |
Panos Institute South Asia |
| 245 00 - TITLE STATEMENT |
| Title |
Tough terrain : |
| Remainder of title |
media reports on mountain issues. |
| 260 ## - PUBLICATION, DISTRIBUTION, ETC. (IMPRINT) |
| Place of publication |
Kathmandu : |
| Name of publisher |
Panos Institute South Asia, |
| Year of publication |
1999. |
| 300 ## - PHYSICAL DESCRIPTION |
| Number of Pages |
126 p. : |
| Other physical details |
ill. ; |
| Dimensions |
26 cm. |
| 650 #0 - SUBJECT ADDED ENTRY--TOPICAL TERM |
| Topical Term |
Mountain ecology |
| 650 #0 - SUBJECT ADDED ENTRY--TOPICAL TERM |
| Topical Term |
Environmental protection |
| 650 #0 - SUBJECT ADDED ENTRY--TOPICAL TERM |
| Topical Term |
Ecosystem management |
| 650 #0 - SUBJECT ADDED ENTRY--TOPICAL TERM |
| Topical Term |
Natural resources |
| 710 2# - ADDED ENTRY--CORPORATE NAME |
| Corporate name or jurisdiction name as entry element |
Panos Institute South Asia. |
| 942 ## - ADDED ENTRY ELEMENTS (KOHA) |
| Koha item type |
ADB |
| 952 ## - LOCATION AND ITEM INFORMATION (KOHA) |
| Withdrawn status [LOCAL, KOHA] |
0 |